Star Wars Characters - Statistics

General Stats
  • This quiz has been taken 532 times
    525 since last reset
  • The average score is 8 of 10
Answer Stats
Hint Answer % Correct
Anakin ......... skywalker
100%
R2-.. d2
99%
Boba .... fett
99%
Jango .... fett
99%
Jabba the .... hutt
98%
Darth ..... vader
98%
Mace ..... windu
94%
Plo .... koon
70%
Cad .... bane
61%
Obi-wan ...... Kanobi
32%
No matching quizzes found
Score Distribution
Percent of People with Each Score
Percentile by Number Answered
Your Score History
You have not taken this quiz since the last reset